00950nam a22002657a 45000010005000000030006000050050017000110080041000280200018000690400029000870500012001160820013001281000016001412450057001572600037002143000050002515050007003015200177003085210018004855210018005036500042005216500046005636500045006097000030006542826FISKH20250617161736.0240116b cb ||||| |||| 00| 0 eng d a9780545328159 aFISKHbengcFISKHdFISKH aPZ7.M33 a741.5973 aMack, Stan  aRoad to revolution! /cStan Mack and Susan Champlin  aNew York : bScholastic, c2009  a121 pages : bcolor illustrations ; c23 cm  aH  aIn 1775, Penny and her friend Nick, a homeless orphan, find themselves amidst the conflict in Massachusetts as the colonists prepare to revolt against the British military.8 a430 bLexile 8 aH bRaz-Plus  aGraphic Novel vJuvenile Literature  aHistorical Fiction vJuvenile Literature  aRevolutionary Era vJuvenile Literature  aChamplin, Susan eAuthor